<?xml version="1.0" encoding="UTF-8"?>
<collection xmlns="http://www.loc.gov/MARC21/slim">
 <record>
  <leader>00394pamaa2200145   4500</leader>
  <controlfield tag="001">0000038623</controlfield>
  <controlfield tag="005">20091007090000.0</controlfield>
  <datafield tag="020" ind1="0" ind2="0">
   <subfield code="a">1902343425 (pbk) </subfield>
  </datafield>
  <datafield tag="082" ind1=" " ind2=" ">
   <subfield code="a">004.2 SYS</subfield>
  </datafield>
  <datafield tag="090" ind1="0" ind2="0">
   <subfield code="a">QA76.9 </subfield>
   <subfield code="b">SYS 2001</subfield>
  </datafield>
  <datafield tag="245" ind1="1" ind2="0">
   <subfield code="a">SYSTEMS development  </subfield>
   <subfield code="c">NCC education.</subfield>
  </datafield>
  <datafield tag="260" ind1="0" ind2="0">
   <subfield code="a">Manchester: </subfield>
   <subfield code="b">NCC Education, </subfield>
   <subfield code="c">2001.</subfield>
  </datafield>
  <datafield tag="300" ind1=" " ind2=" ">
   <subfield code="a">x, various paging; </subfield>
   <subfield code="c">30 cm.</subfield>
  </datafield>
  <datafield tag="650" ind1="0" ind2="0">
   <subfield code="a">System design </subfield>
  </datafield>
  <datafield tag="710" ind1="1" ind2="1">
   <subfield code="a">NCC Education Limited. </subfield>
  </datafield>
 </record>
</collection>
